000 00812nam a22001937a 4500
999 _c146765
_d146765
005 20230512123745.0
010 _aUR-9825
020 6 _c85.00
035 _aU-8380
037 _bDBAD/PUB
082 _a270
100 _aمحمد فا ر و ق خا ن
245 _aآ خر ت کے سا ے میں /
_cمحمد فا ر و ق خا ن
246 _aAakhirat ke Saye mein /
_bby Farooq Khan
260 _aNew Delhi
_bMerkazi Maktaba Islami Publishers
_c2013
270 _aD307,Dawat Nagar,Abul Fazal Enclave,Jamia Nagar ,
_bNew Delhi
_e110025
_k01126971652
_l-
300 _a206 ص
_c22cm(Hb)
942 _2ddc
_cUR
_h270
_mم ح م
_e